| 000 | 00487nam a22001817a 4500 | ||
|---|---|---|---|
| 020 | _a978-1-292-44898-5 | ||
| 082 | _a657.42 | ||
| 100 | _aArens, Alvin A....[et al] | ||
| 245 | _aAuditing and Assurance Services: An Intergrated Approach | ||
| 250 | _a18th | ||
| 260 |
_aHarlow: _bPearson Education, _c2024 |
||
| 300 | _a922p.: ill.; 28cm | ||
| 500 | _aIncludes Index | ||
| 700 | _aElder, Randal J. | ||
| 700 | _aBeasley, Mark S. | ||
| 700 | _aHogan, Chris E. | ||
| 942 | _cBK | ||
| 999 |
_c22116 _d22116 |
||